Regions of Countries of the World - Statistics

General Stats
  • This quiz has been taken 388 times
  • The average score is 112 of 421
Answer Stats
Region % Correct
{West}e{rn Australia . UK}
82%
{So}u{th Australia . US}
77%
{Cal}i{fornia . UK}
74%
{Ala}s{ka . CA}
71%
{New }M{exico . A}
70%
{New }Y{ork . CA}
70%
{Wa}s{hington . NZ}
70%
{A}l{abama . B}
69%
{Ar}i{zona . US}
69%
{K}e{nt . US}
69%
{O}r{egon . J}
69%
{Te}x{as . SW}
69%
{Ma}i{ne . NZ}
68%
{South }D{akota . NET}
68%
{O}h{io . J}
67%
{Al}b{erta . F}
66%
{Ar}k{ansas . IN}
66%
{Fl}o{rida . F}
66%
{North }C{arolina . US}
66%
{North }D{akota . NET}
66%
{South }C{arolina . US}
66%
{Ge}o{rgia . J}
65%
{Kan}s{as . IN}
65%
{Ver}m{ont . A}
65%
{Col}o{rado . US}
64%
{I}n{diana . CH}
64%
{Mi}s{sissippi . US}
64%
{Ne}v{ada . CA}
64%
{I}d{aho . F}
63%
{I}o{wa . J}
63%
{Lo}u{isiana . F}
63%
{New }H{ampshire . US}
63%
{Q}u{ebec . A}
63%
{U}t{ah . NET}
63%
{Vi}r{ginia . NZ}
63%
{West }V{irginia . UK}
63%
{Ha}w{aii . NZ}
62%
{M}i{chigan . M}
62%
{Mo}n{tana . M}
62%
{P}e{nnsylvania . B}
62%
{Rh}o{de Island . F}
62%
{Kent}u{cky . IN}
61%
{Te}n{nessee . US}
61%
{Ma}s{sachusetts . B}
60%
{Miss}o{uri . J}
60%
{Ok}l{ahoma . CA}
60%
{O}n{tario . US}
60%
{Br}i{tish Columbia . F}
59%
{Ca}t{alonia . B}
59%
{Il}l{inois . US}
59%
{Min}n{esota . US}
59%
{Ba}v{aria . NZ}
58%
{Co}n{necticut . UK}
58%
{D}e{laware . IN}
58%
{Mar}y{land . US}
58%
{New }S{outh Wales . US}
58%
{W}y{oming . CH}
58%
{New}f{oundland and Labrador . SW}
56%
{New }J{ersey . US}
56%
{Wi}s{consin . UK}
56%
{Gr}e{ater London . UK}
55%
{Yu}k{on . CH}
55%
{City of }L{ondon . M}
54%
{N}e{braska . NZ}
54%
{Que}e{nsland . M}
54%
{V}i{ctoria . US}
53%
{Ber}l{in . SW}
52%
{Sic}i{ly . IN}
52%
{Ta}s{man . A}
51%
{No}v{a Scotia . M}
49%
{Nu}n{avut . M}
49%
{R}i{o de Janeiro . B}
49%
{Sa}s{katchewan . G}
49%
{North }Y{orkshire . UK}
48%
{Sa}x{ony . G}
48%
{Mad}r{id . IN}
47%
{Mani}t{oba . B}
47%
{Mé}x{ico . US}
47%
{P}r{ince Edward Island . F}
46%
{Tok}y{o . J}
46%
{T}u{scany . UK}
46%
{Sa}r{dinia . CA}
45%
{A}n{dalusia . IN}
44%
{Ne}w{ Brunswick . US}
44%
{Sã}o{ Paulo . IT}
44%
{Zü}r{ich . SW}
44%
{Brit}t{any . UK}
43%
{North}w{est Territories . UK}
43%
{A}r{agon . US}
42%
{Be}i{jing . UK}
42%
{Ber}n{ . IN}
42%
{Ha}m{burg . UK}
41%
{North}e{rn Territory . NZ}
41%
{Ti}b{et . SW}
41%
{Ut}t{ar Pradesh . IN}
41%
{Del}h{i . UK}
40%
{}G{alicia . CH}
40%
{Pr}o{vence-Alpes-Côte d'Azur . IN}
40%
{H}o{kkaido . CH}
39%
{L}o{mbardy . F}
39%
{Co}r{nwall . F}
38%
{Ge}n{eva . US}
38%
{Shan}g{hai . CH}
38%
{Ba}j{a California . M}
37%
{Br}e{men . CA}
37%
{Cor}s{ica . UK}
37%
{O}s{aka . NZ}
37%
{Val}e{ncia . SW}
37%
{Greater }M{anchester . NET}
36%
{North }R{hine-Westphalia . UK}
36%
{Tasman}i{a . IN}
36%
{A}u{ckland . A}
35%
{Chi}h{uahua . CH}
35%
{La}z{io . UK}
35%
{Lower }S{axony . SW}
35%
{W}e{llington . IN}
35%
{Y}u{catán . CA}
35%
{B}r{andenburg . G}
34%
{Î}l{e-de-France . US}
34%
{North }H{olland . G}
34%
{Pi}e{dmont . F}
34%
{South }H{olland . UK}
34%
{Bas}q{ue Country . G}
33%
{In}n{er Mongolia . US}
33%
{M}u{rcia . IN}
33%
{Pu}n{jab . CH}
33%
{As}t{urias . NZ}
32%
{}B{aden-Württemberg . B}
32%
{Es}s{ex . SP}
32%
{R}h{ineland-Palatinate . US}
32%
{V}e{neto . M}
32%
{Z}e{eland . CH}
32%
{Ama}z{onas . SP}
30%
{}C{alabria . US}
30%
{De}v{on . B}
30%
{K}y{oto . SP}
30%
{Li}g{uria . NET}
30%
{}S{aarland . J}
30%
{Ca}m{bridgeshire . IT}
29%
{He}s{se . M}
29%
{Ja}m{mu and Kashmir . IN}
29%
{Ok}i{nawa . US}
29%
{Saxony-}A{nhalt . SW}
29%
{Can}t{abria . NZ}
28%
{E}m{ilia-Romagna . B}
28%
{E}x{tremadura . NET}
28%
{Fri}e{sland . IT}
28%
{Guan}g{dong . CH}
28%
{Gu}j{arat . J}
28%
{O}x{fordshire . B}
28%
{Sch}l{eswig-Holstein . SW}
28%
{Al}s{ace . B}
27%
{Au}s{tralian Capital Territory . F}
27%
{Ba}l{earic Islands . SW}
27%
{Ca}n{ary Islands . SP}
27%
{G}o{a . B}
27%
{No}t{tinghamshire . CA}
27%
{Tam}i{l Nadu . NZ}
27%
{Thur}i{ngia . CH}
27%
{}U{mbria . F}
27%
{Ut}r{echt . IN}
27%
{Ao}s{ta Valley . SW}
26%
{A}q{uitaine . SP}
26%
{A}s{sam . SP}
26%
{M}e{cklenburg-Vorpommern . IN}
26%
{Nor}f{olk . NET}
26%
{South }Y{orkshire . NZ}
26%
{We}s{t Bengal . NZ}
26%
{Ap}u{lia . F}
25%
{Cam}p{ania . M}
25%
{Ma}t{o Grosso . B}
25%
{Na}v{arre . M}
25%
{North}u{mberland . CA}
25%
{}O{axaca . SW}
25%
{De}r{byshire . UK}
24%
{C}i{ty of Bristol . UK}
23%
{Hi}r{oshima . J}
23%
{H}u{bei . CH}
23%
{Hu}n{an . J}
23%
{Ke}r{ala . J}
23%
{L}e{icestershire . CH}
23%
{T}i{anjin . CH}
23%
{A}b{ruzzo . B}
22%
{A}c{re . M}
22%
{Baja California }S{ur . SP}
22%
{East }S{ussex . J}
22%
{Fri}u{li-Venezia Giulia . CH}
22%
{Ham}p{shire . IN}
22%
{H}e{bei . CH}
22%
{La}n{cashire . F}
22%
{Li}n{colnshire . IT}
22%
{S}i{chuan . IT}
22%
{S}u{ffolk . UK}
22%
{Ba}h{ia . M}
21%
{Bas}i{licata . SP}
21%
{Bu}r{gundy . IT}
21%
{Fuku}o{ka . J}
21%
{Gr}o{ningen . M}
21%
{Naga}s{aki . J}
21%
{Nor}t{h Brabant . US}
21%
{}R{ajasthan . G}
21%
{Shan}x{i . J}
21%
{So}n{ora . A}
21%
{Ch}o{ngqing . UK}
20%
{}E{ast Riding of Yorkshire . UK}
20%
{Fuku}s{hima . SP}
20%
{}J{alisco . IN}
20%
{}L{a Rioja . IN}
20%
{Mar}c{he . NZ}
20%
{}P{ará . B}
20%
{Pu}e{bla . IN}
20%
{W}o{rcestershire . US}
20%
{B}u{ckinghamshire . F}
19%
{C}u{mbria . IN}
19%
{Gl}o{ucestershire . IN}
19%
{He}n{an . UK}
19%
{Li}m{burg . F}
19%
{Mato Grosso }d{o Sul . G}
19%
{Qu}i{ntana Roo . IN}
19%
{Rio Grande do }S{ul . B}
19%
{S}h{aanxi . CH}
19%
{T}r{entino-South Tyrol . IN}
19%
{Ve}r{acruz . US}
19%
{West }M{idlands . UK}
19%
{West }S{ussex . US}
19%
{F}u{jian . J}
18%
{}H{ainan . G}
18%
{Ji}l{in . SW}
18%
{Lo}r{raine . US}
18%
{West }Y{orkshire . A}
18%
{Yu}n{nan . M}
18%
{Au}v{ergne . G}
17%
{Ch}i{apas . J}
17%
{D}o{rset . NET}
17%
{Dur}h{am . UK}
17%
{}F{levoland . US}
17%
{He}i{longjiang . CH}
17%
{}M{adhya Pradesh . SP}
17%
{Ma}h{arashtra . US}
17%
{North}a{mptonshire . A}
17%
{Para}n{á . F}
17%
{Si}k{kim . M}
17%
{So}m{erset . M}
17%
{Su}r{rey . M}
17%
{A}g{uascalientes . J}
16%
{Anda}m{an and Nicobar Islands . IN}
16%
{And}h{ra Pradesh . CH}
16%
{An}h{ui . J}
16%
{Be}r{kshire . G}
16%
{Ca}s{tile and León . SP}
16%
{Ch}e{shire . IN}
16%
{Is}l{e of Wight . J}
16%
{L}u{zern . IN}
16%
{Me}r{seyside . M}
16%
{Mi}n{as Gerais . US}
16%
{M}o{lise . US}
16%
{}N{agaland . J}
16%
{N}u{evo León . CA}
16%
{O}d{isha . US}
16%
{Rio }G{rande do Norte . B}
16%
{}T{abasco . M}
16%
{T}y{ne and Wear . IT}
16%
{B}i{har . G}
15%
{Camp}e{che . SP}
15%
{D}u{rango . UK}
15%
{Ga}n{su . NET}
15%
{G}e{lderland . SW}
15%
{Guang}x{i . M}
15%
{L}i{aoning . IT}
15%
{San}t{a Catarina . B}
15%
{Si}n{aloa . SW}
15%
{Z}h{ejiang . SW}
15%
{B}e{dfordshire . CH}
14%
{Castile-}L{a Mancha . SP}
14%
{D}r{enthe . M}
14%
{He}r{efordshire . UK}
14%
{Her}t{fordshire . G}
14%
{J}u{ra . J}
14%
{Ne}u{châtel . US}
14%
{Pa}y{s de la Loire . US}
14%
{Sha}n{dong . CH}
14%
{Ti}c{ino . M}
14%
{Uttar}a{khand . SW}
14%
{A}m{apá . B}
13%
{Fr}i{bourg . NET}
13%
{G}r{aubünden . UK}
13%
{Hi}m{achal Pradesh . J}
13%
{J}i{angsu . CH}
13%
{Ka}r{nataka . UK}
13%
{Man}i{pur . CA}
13%
{Pe}r{nambuco . B}
13%
{}Q{inghai . CA}
13%
{Ro}r{aima . UK}
13%
{Sch}w{yz . B}
13%
{St}a{ffordshire . UK}
13%
{U}r{i . US}
13%
{}V{alais . SP}
13%
{Va}u{d . IT}
13%
{Wa}r{wickshire . US}
13%
{}A{argau . IT}
12%
{A}k{ita . US}
12%
{Ar}u{nachal Pradesh . IN}
12%
{D}i{strito Federal . UK}
12%
{Jiang}x{i . CH}
12%
{Mich}o{acán . F}
12%
{Ni}n{gxia . F}
12%
{O}v{erijssel . UK}
12%
{R}o{ndônia . B}
12%
{S}e{rgipe . CH}
12%
{Sh}r{opshire . CH}
12%
{S}t{. Gallen . UK}
12%
{Z}u{g . SW}
12%
{A}i{chi . J}
11%
{Ala}g{oas . US}
11%
{Basel-}S{tadt . IT}
11%
{Ch}h{attisgarh . M}
11%
{Chi}b{a . M}
11%
{E}s{pírito Santo . UK}
11%
{Go}i{ás . SW}
11%
{Gu}e{rrero . CH}
11%
{Gu}i{zhou . IN}
11%
{Ha}r{yana . US}
11%
{J}h{arkhand . CH}
11%
{Lim}o{usin . UK}
11%
{Lo}w{er Normandy . G}
11%
{Mi}z{oram . IT}
11%
{Na}y{arit . US}
11%
{Rhô}n{e-Alpes . B}
11%
{Sa}i{tama . M}
11%
{Sa}n{ Luis Potosí . B}
11%
{T}l{axcala . B}
11%
{}Z{acatecas . NET}
11%
{A}o{mori . IT}
10%
{A}p{penzell Ausserrhoden . SW}
10%
{Appenzell }I{nnerrhoden . IT}
10%
{Ba}s{el-Landschaft . SW}
10%
{Ba}y{ of Plenty . UK}
10%
{C}e{ará . F}
10%
{C}h{ampagne-Ardenne . IN}
10%
{F}r{anche-Comté . SW}
10%
{N}o{rd-Pas-de-Calais . UK}
10%
{P}u{ducherry . M}
10%
{R}u{tland . G}
10%
{S}o{lothurn . UK}
10%
{Ta}m{aulipas . IN}
10%
{T}e{langana . US}
10%
{T}o{cantins . J}
10%
{U}p{per Normandy . SW}
10%
{W}i{ltshire . US}
10%
{Cant}e{rbury . SP}
9%
{C}o{ahuila . M}
9%
{Haw}k{e's Bay . CH}
9%
{H}i{dalgo . IN}
9%
{La}k{shadweep . UK}
9%
{Ma}r{anhão . IT}
9%
{Mi}d{i-Pyrénées . J}
9%
{Mi}e{ . B}
9%
{Mi}y{agi . J}
9%
{Na}r{a . SP}
9%
{Ni}i{gata . CH}
9%
{O}k{ayama . J}
9%
{Para}í{ba . B}
9%
{Que}r{étaro . M}
9%
{S}c{haffhausen . G}
9%
{Tr}i{pura . IT}
9%
{Ce}n{tre-Val de Loire . F}
8%
{Cha}n{digarh . UK}
8%
{Fu}k{ui . J}
8%
{G}l{arus . UK}
8%
{G}u{anajuato . CH}
8%
{I}s{hikawa . UK}
8%
{I}w{ate . M}
8%
{Kag}o{shima . J}
8%
{Lan}g{uedoc-Roussillon . IT}
8%
{Me}g{halaya . UK}
8%
{Naga}n{o . J}
8%
{Ne}l{son . SW}
8%
{N}i{dwalden . J}
8%
{North}l{and . UK}
8%
{O}b{walden . IN}
8%
{P}i{auí . F}
8%
{Pi}c{ardy . IT}
8%
{Shi}z{uoka . UK}
8%
{T}h{urgau . G}
8%
{Toc}h{igi . J}
8%
{}X{injiang Uyghur . J}
8%
{}Y{amagata . J}
8%
{Co}l{ima . US}
7%
{E}h{ime . IT}
7%
{G}i{fu . NZ}
7%
{Gi}s{borne . SW}
7%
{Gu}n{ma . CH}
7%
{H}y{ōgo . J}
7%
{}I{baraki . US}
7%
{Ka}n{agawa . US}
7%
{Miya}z{aki . IN}
7%
{Mo}r{elos . SP}
7%
{Ō}i{ta . J}
7%
{O}t{ago . NET}
7%
{P}o{itou-Charentes . CA}
7%
{Sa}g{a . J}
7%
{Wa}k{ayama . UK}
7%
{Da}m{an and Diu . US}
6%
{K}u{mamoto . J}
6%
{South}l{and . SW}
6%
{To}t{tori . J}
6%
{To}y{ama . IT}
6%
{}W{aikato . J}
6%
{West }C{oast . UK}
6%
{Yamag}u{chi . J}
6%
{Yama}n{ashi . M}
6%
{}D{adra and Nagar Haveli . IN}
5%
{}K{agawa . J}
5%
{K}ō{chi . J}
5%
{Mar}l{borough . US}
5%
{Sh}i{ga . J}
5%
{Shi}m{ane . J}
5%
{Ta}r{anaki . NZ}
5%
{To}k{ushima . J}
5%
{Ma}n{awatu-Wanganui . IN}
3%
{Ho}n{g Kong / Macau . CH}
2%
No matching quizzes found
Score Distribution
Percent of People with Each Score
Percentile by Number Answered
Your Score History
You have not taken this quiz